500 décimales de pi - Statistiques

Statistiques générales
  • Ce quiz a été pris 926 fois
  • Le résultat moyen est 133 sur 500
Statistiques - réponses
Réponse % Correct
1
99%
4
99%
1
98%
5
98%
9
93%
2
90%
6
87%
5
86%
3
84%
5
82%
8
80%
9
80%
7
79%
9
78%
3
77%
2
75%
8
75%
3
74%
4
74%
6
74%
2
73%
4
73%
6
73%
0
72%
2
72%
3
72%
3
72%
5
72%
7
72%
8
72%
9
72%
2
71%
3
71%
1
70%
4
70%
8
70%
8
70%
9
70%
7
69%
1
68%
3
66%
6
66%
9
66%
9
66%
3
65%
5
65%
7
65%
9
65%
0
64%
1
64%
5
63%
8
63%
2
62%
0
60%
4
60%
4
60%
7
60%
9
60%
9
60%
2
59%
3
59%
4
59%
5
59%
9
59%
0
58%
1
58%
7
58%
8
58%
4
57%
6
57%
0
55%
0
55%
2
55%
2
55%
6
55%
6
55%
8
55%
2
54%
6
54%
8
54%
8
54%
9
54%
9
54%
0
52%
0
52%
1
52%
2
52%
2
52%
3
52%
3
52%
4
52%
4
52%
5
52%
6
52%
7
52%
7
52%
8
52%
8
52%
9
52%
1
51%
8
49%
0
48%
1
48%
2
48%
4
48%
8
47%
6
46%
8
46%
1
45%
2
45%
2
45%
3
45%
5
45%
3
44%
8
44%
0
43%
4
43%
6
43%
6
43%
7
42%
0
41%
3
41%
8
41%
9
41%
0
40%
4
40%
4
40%
6
40%
5
39%
5
39%
9
39%
0
38%
5
38%
8
38%
0
37%
1
37%
1
37%
2
37%
2
37%
2
37%
2
37%
3
37%
3
37%
4
37%
5
37%
5
37%
7
37%
9
37%
4
36%
8
36%
1
35%
1
35%
8
35%
8
35%
0
34%
1
34%
1
34%
2
34%
2
34%
4
34%
4
34%
5
34%
7
34%
8
34%
0
33%
1
33%
1
33%
2
33%
2
33%
3
33%
7
33%
0
32%
0
32%
0
32%
1
32%
1
32%
2
32%
3
32%
3
32%
4
32%
4
32%
4
32%
5
32%
5
32%
5
32%
5
32%
6
32%
6
32%
8
32%
8
32%
8
32%
9
32%
9
32%
9
32%
4
31%
5
31%
9
31%
9
31%
9
30%
2
29%
4
29%
4
29%
6
29%
1
28%
0
27%
3
27%
5
27%
7
27%
8
27%
8
27%
9
27%
1
26%
2
26%
3
26%
4
26%
4
26%
4
26%
5
26%
5
26%
6
26%
6
26%
6
26%
7
26%
8
26%
9
26%
2
25%
3
25%
1
24%
3
24%
3
24%
4
24%
6
24%
7
24%
8
24%
5
23%
6
23%
7
23%
8
23%
8
23%
6
22%
1
21%
1
21%
1
21%
2
21%
2
21%
9
21%
9
21%
0
20%
0
20%
1
20%
2
20%
3
20%
3
20%
4
20%
7
20%
8
20%
8
20%
9
20%
0
19%
0
19%
4
19%
4
19%
4
19%
5
19%
5
19%
6
19%
6
19%
6
19%
6
19%
6
19%
2
18%
2
18%
4
18%
1
17%
3
17%
4
17%
5
17%
0
16%
1
16%
1
16%
2
16%
2
16%
2
16%
3
16%
3
16%
3
16%
3
16%
4
16%
6
16%
6
16%
6
16%
7
16%
8
16%
9
16%
9
16%
0
15%
4
15%
4
15%
6
15%
7
15%
2
10%
7
10%
0
9%
0
9%
0
9%
1
9%
1
9%
1
9%
2
9%
2
9%
2
9%
2
9%
2
9%
3
9%
4
9%
5
9%
6
9%
6
9%
6
9%
7
9%
8
9%
1
8%
1
8%
4
8%
5
8%
5
8%
7
8%
8
8%
8
8%
9
8%
0
7%
0
7%
0
7%
1
7%
1
7%
1
7%
1
7%
1
7%
1
7%
2
7%
2
7%
2
7%
3
7%
3
7%
3
7%
3
7%
4
7%
4
7%
5
7%
5
7%
5
7%
6
7%
6
7%
6
7%
6
7%
7
7%
7
7%
8
7%
8
7%
8
7%
8
7%
9
7%
9
7%
9
7%
0
6%
0
6%
0
6%
0
6%
1
6%
1
6%
3
6%
3
6%
3
6%
4
6%
4
6%
4
6%
5
6%
5
6%
5
6%
5
6%
6
6%
6
6%
6
6%
6
6%
8
6%
8
6%
9
6%
9
6%
9
6%
0
5%
0
5%
0
5%
4
5%
4
5%
4
5%
5
5%
5
5%
8
5%
9
5%
9
5%
0
4%
1
4%
1
4%
1
4%
2
4%
2
4%
2
4%
3
4%
3
4%
5
4%
7
4%
1
3%
1
3%
1
3%
1
3%
1
3%
2
3%
6
3%
6
3%
7
3%
7
3%
7
3%
7
3%
8
3%
0
2%
0
2%
0
2%
0
2%
1
2%
1
2%
1
2%
1
2%
1
2%
1
2%
1
2%
2
2%
2
2%
2
2%
2
2%
2
2%
2
2%
3
2%
3
2%
3
2%
3
2%
3
2%
3
2%
4
2%
4
2%
4
2%
4
2%
4
2%
5
2%
5
2%
5
2%
5
2%
5
2%
5
2%
6
2%
6
2%
6
2%
7
2%
7
2%
7
2%
7
2%
7
2%
7
2%
7
2%
8
2%
8
2%
8
2%
8
2%
9
2%
9
2%
9
2%
9
2%
9
2%
9
2%
9
2%
9
2%
9
2%
9
2%
9
2%
0
1%
1
1%
3
1%
3
1%
3
1%
4
1%
5
1%
5
1%
5
1%
5
1%
6
1%
8
1%
8
1%
8
1%
8
1%
9
1%
9
1%
Aucun quiz correspondant
Distribution des résultats
% des personnes avec chaque résultat
Percentile par nombre de réponses
Votre historique - résultats
Vous n’avez pas pris ce quiz